Successful American Idols (Seasons 1-8) Quiz Stats

Quiz Updated Mar 11, 2015

Challenge
Share
Tweet
Embed
Score 0/24 Timer 08:00
0 Plays Today
Rank American Idol Contestant % Correct
1Kelly Clarkson
96.8%
2Carrie Underwood
90.1%
6Clay Aiken
75.5%
10Ruben Studdard
70.8%
3Chris Daughtry
68.6%
9Fantasia
66%
13Jennifer Hudson
54.9%
19Taylor Hicks
54.4%
12Adam Lambert
52.7%
5David Cook
49.2%
4Jordin Sparks
48.8%
8David Archuleta
45.1%
Rank American Idol Contestant % Correct
17Bo Bice
38.8%
11Kris Allen
37.3%
16Katharine McPhee
34.6%
7Kellie Pickler
33.4%
23Diana DeGarmo
19.7%
18Blake Lewis
18.7%
15Elliott Yamin
17.1%
21William Hung
11.3%
14Josh Gracin
10.8%
22Danny Gokey
10.2%
20Kimberley Locke
9.1%
24Allison Iraheta
7.9%

You're not logged in!

Compare scores with friends on all Sporcle quizzes.
Join for Free
OR
Log In

You Might Also Like...

Show Comments

Extras

Top Quizzes Today


Score Distribution

Your Account Isn't Verified!

In order to create a playlist on Sporcle, you need to verify the email address you used during registration. Go to your Sporcle Settings to finish the process.

Report this User

Report this user for behavior that violates our Community Guidelines.

Details: